LIBRARY & INFORMATION CENTRE, KCAET, TAVANUR

ONLINE PUBLIC ACCESS CATALOGUE (OPAC)

Advanced mechanics of materials / (Record no. 13957)

MARC details
000 -LEADER
fixed length control field 00425cam a22001574a 4500
020 ## - INTERNATIONAL STANDARD BOOK NUMBER
ISBN 0471438812 (cloth : alk. paper)
082 00 - DEWEY DECIMAL CLASSIFICATION NUMBER
Classification number 620.112
Item number BOR/AD
100 1# - MAIN ENTRY--AUTHOR NAME
Personal name Boresi, Arthur P.
245 10 - TITLE STATEMENT
Title Advanced mechanics of materials /
250 ## - EDITION STATEMENT
Edition statement 6th ed.
260 ## - PUBLICATION, DISTRIBUTION, ETC. (IMPRINT)
Place of publication New Delhi:
Name of publisher Wiley India
Year of publication c2003.
300 ## - PHYSICAL DESCRIPTION
Number of Pages xiii, 681 p. :
Other physical details ill. ;
650 #0 - SUBJECT ADDED ENTRY--TOPICAL TERM
Topical Term Strength of materials.
700 1# - ADDED ENTRY--PERSONAL NAME
Personal name Schmidt, Richard J.
942 ## - ADDED ENTRY ELEMENTS (KOHA)
Koha item type Books
Holdings
Withdrawn status Lost status Damaged status Collection code Home library Current library Shelving location Date acquired Source of acquisition Cost, normal purchase price Full call number Accession Number Koha item type
      Non-fiction KAUAET KAUAET General Stacks 30/03/2013 Calicut Book Distributors 499.00 620.112 23751 Books
free website counter